MARC details
| 000 -CABECERA |
| campo de control de longitud fija |
01900ngm a2200241 a 4500 |
| 005 - FECHA Y HORA DE LA ÚLTIMA TRANSACCIÓN |
| campo de control |
20210223125538.0 |
| 008 - ELEMENTOS DE LONGITUD FIJA--INFORMACIÓN GENERAL |
| campo de control de longitud fija |
041124s1984 mx 117 d daspa d |
| 035 ## - NÚMERO DE CONTROL DEL SISTEMA |
| Número de control de sistema |
UPN01000136514 |
| 049 ## - COLECCIÓN |
| Colección |
AV |
| 050 #4 - SIGNATURA TOPOGRÁFICA DE LA BIBLIOTECA DEL CONGRESO |
| Número de clasificación |
PVI PN 1272 |
| 245 00 - MENCIÓN DE TÍTULO |
| Título |
2010 : |
| Resto del título |
el año en que hacemos contacto / |
| Mención de responsabilidad, etc. |
dir. Peter Hyams. |
| 260 ## - PUBLICACIÓN, DISTRIBUCIÓN, ETC. |
| Lugar de publicación, distribución, etc. |
Estados Unidos : |
| Nombre del editor, distribuidor, etc. |
Turner, |
| Fecha de publicación, distribución, etc. |
1984. |
| 300 ## - DESCRIPCIÓN FÍSICA |
| Extensión |
1 videocasete (VHS) (117 min.) : |
| Otras características físicas |
son., col. |
| 500 ## - NOTA GENERAL |
| Nota general |
Subtítulos en español |
| 511 1# - NOTA DE PARTICIPANTES O INTÉRPRETES |
| Nota de participantes o intérpretes |
Reparto: Roy Scheider, John Lithgow, Helen Mirren, Bob Balaban, Keir Dullea, Douglas Rain, Madolyn Smith-Osborne, Dana Elcar, Dana Elcar, Taliesin Jaffe, James McEachin, Mary Jo Deschanel, Elya Baskin |
| 520 ## - NOTA DE RESUMEN, ETC. |
| Sumario, etc. |
Sinopsis: La nave espacial Leonov, de la URSS, llega a Júpiter para investigar la repentina actividad del gigantesco monolito negro que orbita al planeta. Tres científicos americanos acompañan a los soviéticos y les ayudan a abordar la abandonada nave Discovery y a reactivar a su computadora HAL, para averiguar qué falló en la expedición enviada por USA nueve años atrás. Pero cuando una inesperada crisis político-militar pone al mundo al borde la la III Guerra Mundial, se ordena a los expedicionarios volver a la Tierra de inmediato. Y entonces, mientras el monolito comienza a realizar extrañas acciones en Júpiter, que una misteriosa presencia se manifiesta ante los astronautas de las dos naciones enemigas, advirtiéndoles que se unan porque está por ocurrir un acontecimiento que cambiará el curso de la historia... ¡Algo maravilloso! |
| 534 ## - NOTA SOBRE LA VERSIÓN ORIGINAL |
| Frase introductoria |
Basada en la novela de: |
| Encabezamiento principal del original |
Clarke, Arthur Charles, 1917- . |
| Mención de título del original |
2010 : odisea dos |
| 534 ## - NOTA SOBRE LA VERSIÓN ORIGINAL |
| Frase introductoria |
Traducción de: 2010 : the year we make contact |
| 650 #4 - ASIENTO SECUNDARIO DE MATERIA - TERMINO TEMATICO |
| Término de materia o nombre geográfico como elemento de entrada |
PELICULAS CINEMATOGRAFICAS DE CIENCIA-FICCION |
| 9 (RLIN) |
7405 |
| 650 #4 - ASIENTO SECUNDARIO DE MATERIA - TERMINO TEMATICO |
| Término de materia o nombre geográfico como elemento de entrada |
ESPACIO EXTERIOR - |
| Subdivisión general |
EXPLORACION - |
| Subdivisión de forma |
DRAMA |
| 9 (RLIN) |
22336 |
| 700 1# - ASIENTO SECUNDARIO--NOMBRE DE PERSONAL |
| Nombre de persona |
Hyams, Peter, |
| Fechas asociadas al nombre |
1943- , |
| Término indicativo de función/relación |
dir. |
| 905 ## - TIPO DE MATERIAL |
| Tipo de material |
Audiovisuales |